000 00442nam a2200169Ia 4500
001 31627
003 IN-NITTTR
005 20251114233423.0
008 251113s9999||||xx |||||||||||||| ||eng||
040 _beng
040 _cIN-NITTTR
041 _aeng
082 _a658.5752 L96D
245 0 _aDesign thinking :
_b New product development essentials from the PDMA /
_cLuchs, Michael G., ed
700 _aLuchs, Michael G.
942 _2ddc
_cBK
999 _c34257
_d34257